Ancient Rome by letter: 'C' - Statistics

General Stats
  • This quiz has been taken 83 times
    73 since last reset
  • The average score is 13 of 21
Answer Stats
Question Answer % Correct
Hannibal's home city Carthage
94%
This emperor converted himself, and therefore the empire, to Christianity Constantine
90%
The nickname given to the son of Germanicus and third emperor Caligula
86%
Famous politician, lawyer and orator of the late Republic Cicero
86%
The city established in 330 CE that would go on to become the capital of the Byzantine Empire Constantinople
86%
Known as Rome's wealthiest man, and one member of the First Triumvirate Crassus
86%
Fourth emperor, and conqueror of Britannia Claudius
84%
The name given to the junior emperors during the Tetrarchy Caesar
79%
Roman name for modern-day Scotland Caledonia
73%
Goddess of agriculture, equivalent to the Greek Demeter Ceres
65%
One of the two generals at Philippi responsible for the assassination of Julius Caesar Cassius
62%
Decisive battle of the Second Punic War, fought in 216 BCE; the Carthaginians were victorious Cannae
60%
Senator who ended many of his orations with 'Carthego delenda est' Cato
60%
Roman magistrate responsible for public morality, among other things Censor
52%
The part of Gaul on the Roman side of the Alps Cisalpine Gaul
48%
Battle of 53 BCE where the Romans suffered a heavy defeat and legionary standards were captured by the Parthians Carrhae
37%
Influential Roman poet, born 84 BCE, died 54 BCE Catullus
30%
Fifth century BCE Roman general whose cognomen is the title of a Shakespeare play Coriolanus
30%
Distinguished patrician family, rivals of the Fabii and united with the Julii Caesares by Livia Claudii
27%
The name for boots worn by Roman legionaries (plural) Caligae
24%
Conspiracy against the consulship of Cicero Catiline Conspiracy
13%
No matching quizzes found
Score Distribution
Percent of People with Each Score
Percentile by Number Answered
Your Score History
You have not taken this quiz since the last reset